000 01008nam a2200313 a 4500
001 000013175
003 DO-SdBPM
005 20260202093805.0
007 ta
008 091120s2002 dr a r 000 f spa d
020 _a9993430447
040 _aDO-SdBPM
_bspa
_cBPMSU
_drda
082 4 _aRD863.44
_bT646h 2002
_222
100 1 _aToirac, Luis,
_d1966-
245 1 3 _aLa hiedra interior /
_cLuis Toirac.
264 _aSanto Domingo :
_bBanco Central de la República Dominicana,
_c2002.
300 _a159 páginas :
_bilustraciones ;
_c23 cm.
336 _atexto
_btxt
_2rdacontent
337 _asin mediación
_bn
_2rdamedia
338 _avolumen
_bnc
_2rdacarrier
490 0 _aBanco Central de la República Dominicana ;
_aArte y Literatura,
_v54
590 _aInventariado, 2026/BPMSU
650 7 _aCuentos dominicanos
650 7 _aLiteratura dominicana.
650 z _aShort stories, Dominican
650 z _aDominican literature
910 _aVMateo Control de calidad. BPMSU
942 _2ddc
_cBK
999 _c15649
_d15649